I sogni muoiono prima : romanzo /
保存先:
| 第一著者: | |
|---|---|
| その他の著者: | |
| フォーマット: | 図書 |
| 言語: | イタリア語 |
| 出版事項: |
Milano :
Sonzogno,
1978
|
| シリーズ: | Narrativa Sonzogno
|
| タグ: |
タグなし, このレコードへの初めてのタグを付けませんか!
|
MARC
| LEADER | 00000nam a22000007i 4500 | ||
|---|---|---|---|
| 001 | IT\ICCU\RAV\0111357 | ||
| 003 | ItRI | ||
| 005 | 20260214175836.0 | ||
| 008 | 901001s1978 it |||||| ||||| |||||c | ||
| 015 | |2 IT |a 799097 | ||
| 040 | |b ita |c ct | ||
| 041 | 7 | |a ita |2 ISO-639-2 | |
| 082 | |a 823.9 |2 18 | ||
| 100 | 1 | |a Robbins, Harold |0 IT\ICCU\CFIV\001202 |4 aut | |
| 240 | 1 | 0 | |a Dreams die first. - |9 Robbins, Harold |
| 245 | 1 | 2 | |a I sogni muoiono prima : |b romanzo / |c Harold Robbins ; traduzione di Tilde Arcelli Riva. |
| 260 | |a Milano : |b Sonzogno, |c 1978 | ||
| 300 | |a 298 p. ; |c 21 cm | ||
| 700 | 1 | |a Riva, Tilde |0 IT\ICCU\CFIV\044203 |4 trl | |
| 830 | 0 | |a Narrativa Sonzogno |0 IT\ICCU\RAV\0003881 | |
| 942 | |2 ddc |c BK | ||
| 952 | |0 0 |1 0 |2 ddc |4 0 |6 B_LNR02ROBHASOG11 |7 0 |9 5752 |a MI |b MI |d 1988-11-28 |i 1498 |l 0 |o B-LNR02-ROBHA-SOG11 |p CDOM1498 |r 2025-07-13 16:28:00 |w 2025-07-13 |x ACQUISTO |y BK | ||
| 952 | |0 0 |1 0 |4 0 |6 DOC_813_540000000000000_ROB |7 0 |9 23707 |a BO |b BO |d 2026-01-15 |i 435 |l 0 |o DOC 813.54 ROB |p BO435 |r 2026-01-15 23:23:07 |w 2026-01-15 |x [Sebina 5] [1 v.] |y BK |z 1 v. | ||
| 999 | |c 4595 |d 4595 | ||